| 000 | 00537nam a2200217Ia 4500 | ||
|---|---|---|---|
| 999 |
_c100316 _d100316 |
||
| 003 | 0100 | ||
| 005 | 20170428105217.0 | ||
| 008 | 130307s9999 xx 000 0 und d | ||
| 020 | _a0330371215 | ||
| 040 | _cARRUPELIB | ||
| 050 | _aDT450.435.G68 1998 | ||
| 100 |
_aGourevitch, Philip _930140 |
||
| 245 | _aWe wish to inform you that tomorrow we will be killed with our families | ||
| 245 | _bstories from Rwanda | ||
| 260 |
_bPicador _aLondon _c1998 |
||
| 300 | _a355p. | ||
| 300 | _b20cm | ||
| 650 |
_bGenocide _z-Rwanda _92467 |
||
| 650 |
_bRwanda _xEthnic relations _930141 |
||
| 650 |
_bRwanda _xPolitics _930142 |
||
| 942 | 0 | 0 |
_02 _2lcc _cMONOGRAPH |